000 00587 a2200217 4500
003 Nust
005 20170207165829.0
020 _a0-12-585050-6
040 _cNust
082 _a530
082 _a530
100 1 _aReed, Michael,
245 1 0 _aMethods of modern mathematical physics E-Book
_n1,
_pMCSFunctional analysis
_cMichael Reed, Barry Simon
250 _aRev. and enl. ed.
260 _aNew York :
_bAcademic Press,
_ccop. 1980
300 _a400 s.
650 0 _aFunctional analysis
650 0 _aMathematical physics
700 1 _aSimon, Barry
740 0 _aFunctional analysis
942 _2ddc
_cBK
999 _c213190
_d213190